000
00339nam a2200133Ia 4500
008
240624s9999 xx 000 0 und d
041
_a
eng
082
_a
338.9 CHO
100
_a
CHOPRA KANCHAN
245
_a
DEVELOPMENT AND ENVIRONMENTAL POLICY IN
260
_c
2017
_a
London
_b
Springer
300
_a
xi, 72 p.; 23 cm.
365
_c
ERU
_b
30
999
_c
30083
_d
30083